Physics of solar energy / (Record no. 355404)
[ view plain ]
| 000 -LEADER | |
|---|---|
| fixed length control field | 01851cam a2200361 a 4500 |
| 001 - CONTROL NUMBER | |
| control field | 16749768 |
| 003 - CONTROL NUMBER IDENTIFIER | |
| control field | Nust- CAS-E |
| 005 - DATE AND TIME OF LATEST TRANSACTION | |
| control field | 20180118181400.0 |
| 008 - FIXED-LENGTH DATA ELEMENTS--GENERAL INFORMATION | |
| fixed length control field | 110425s2011 njuabf b 001 0 eng |
| 010 ## - LIBRARY OF CONGRESS CONTROL NUMBER | |
| LC control number | 2011017534 |
| 016 7# - NATIONAL BIBLIOGRAPHIC AGENCY CONTROL NUMBER | |
| Record control number | 015780717 |
| Source | Uk |
| 020 ## - INTERNATIONAL STANDARD BOOK NUMBER | |
| International Standard Book Number | 9780470647806 |
| 020 ## - INTERNATIONAL STANDARD BOOK NUMBER | |
| International Standard Book Number | 0470647809 |
| 035 ## - SYSTEM CONTROL NUMBER | |
| System control number | (OCoLC)ocn699765411 |
| 040 ## - CATALOGING SOURCE | |
| Original cataloging agency | DLC |
| Transcribing agency | DLC |
| Modifying agency | YDX |
| -- | BTCTA |
| -- | YDXCP |
| -- | BWX |
| -- | CDX |
| -- | UKMGB |
| -- | UAF |
| -- | DLC |
| 042 ## - AUTHENTICATION CODE | |
| Authentication code | pcc |
| 050 00 - LIBRARY OF CONGRESS CALL NUMBER | |
| Classification number | TJ811 |
| Item number | .C54 2011 |
| 082 00 - DEWEY DECIMAL CLASSIFICATION NUMBER | |
| Classification number | 621.47 |
| Edition number | 23 |
| Author Mark | CHE 2011 |
| 084 ## - OTHER CLASSIFICATION NUMBER | |
| Classification number | SCI065000 |
| Number source | bisacsh |
| 100 1# - MAIN ENTRY--PERSONAL NAME | |
| Personal name | Chen, C. Julian. |
| 245 10 - TITLE STATEMENT | |
| Title | Physics of solar energy / |
| Statement of responsibility, etc. | C. Julian Chen. |
| 260 ## - PUBLICATION, DISTRIBUTION, ETC. | |
| Place of publication, distribution, etc. | Hoboken, N.J. : |
| Name of publisher, distributor, etc. | John Wiley & Sons, |
| Date of publication, distribution, etc. | c2011. |
| 300 ## - PHYSICAL DESCRIPTION | |
| Extent | xxvi, 326 p., [16] p. of plates : |
| Other physical details | ill. (some col.), col. maps ; |
| Dimensions | 25 cm. |
| 504 ## - BIBLIOGRAPHY, ETC. NOTE | |
| Bibliography, etc. note | Includes bibliographical references and index. |
| 520 ## - SUMMARY, ETC. | |
| Summary, etc. | "This book covers the fundamental physics of the most abundant energy resource available to human society--solar energy. Similar to other technologies, the first step to achieving success is to have a firm understanding of the basic science of solar energy and its use. The subject matter of this text is designed to give the reader this solid footing, which will be the basis of research and the development of new solar engineering technologies. Homework problems and exercises to reinforce the contents along with a solutions manual for instructors. "--Provided by publisher. |
| 650 #0 - SUBJECT ADDED ENTRY--TOPICAL TERM | |
| Topical term or geographic name entry element | Solar energy. |
| 650 #0 - SUBJECT ADDED ENTRY--TOPICAL TERM | |
| Topical term or geographic name entry element | Energy development. |
| 650 #0 - SUBJECT ADDED ENTRY--TOPICAL TERM | |
| Topical term or geographic name entry element | Solar radiation. |
| 856 42 - ELECTRONIC LOCATION AND ACCESS | |
| Materials specified | Cover image |
| Uniform Resource Identifier | <a href="http://catalogimages.wiley.com/images/db/jimages/9780470647806.jpg">http://catalogimages.wiley.com/images/db/jimages/9780470647806.jpg</a> |
| 906 ## - LOCAL DATA ELEMENT F, LDF (RLIN) | |
| a | 7 |
| b | cbc |
| c | orignew |
| d | 1 |
| e | ecip |
| f | 20 |
| g | y-gencatlg |
| 942 ## - ADDED ENTRY ELEMENTS (KOHA) | |
| Source of classification or shelving scheme | |
| Koha item type | Book |
| Withdrawn status | Lost status | Source of classification or shelving scheme | Damaged status | Not for loan | Collection code | Permanent Location | Current Location | Shelving location | Date acquired | Source of acquisition | Total Checkouts | Full call number | Barcode | Date last seen | Date last checked out | Cost, replacement price | Price effective from | Koha item type | Cost, normal purchase price | Copy number |
|---|---|---|---|---|---|---|---|---|---|---|---|---|---|---|---|---|---|---|---|---|
| US-Pakistan Center for Advanced Studies in Energy (USPCAS-E) | US-Pakistan Center for Advanced Studies in Energy (USPCAS-E) | General Stacks | 05/13/2013 | Progressive Int. | 1 | 621.47 CHE 2011 | CAS-E0000329 | 12/05/2014 | 11/14/2014 | 10242.06 | 08/18/2014 | Book | ||||||||
| US-Pakistan Center for Advanced Studies in Energy (USPCAS-E) | US-Pakistan Center for Advanced Studies in Energy (USPCAS-E) | 01/11/2016 | Golden | 1 | 621.47 CHE 2011 | CAS-E0001390 | 02/20/2024 | 12/26/2023 | 01/11/2016 | Book | 11404.00 | C.2 |
